[Event "S Wales Late Summer Open"]
[Site "?"]
[Date "2022.09.03"]
[Round "2.11"]
[White "Robinson, David"]
[Black "Smith, Callum"]
[Result "1-0"]
[WhiteElo "1839"]
[BlackElo "1322"]
[Annotator "kemen"]
[PlyCount "147"]
[EventDate "2022.??.??"]
[SourceVersionDate "2022.09.07"]

{[%evp 0,14,41,25,89,73,69,72,94,84,70,-5,118,80,189,195,168]} 1. e4 d6 2. d4
Nf6 3. Nc3 g6 4. Bc4 Bg7 5. Qe2 e5 (5... Nc6 6. e5 Nxd4 7. exf6 Nxe2 8. fxg7
Rg8 9. Ngxe2 Rxg7 {an interesting line}) 6. Nf3 Bg4 (6... Nbd7) 7. dxe5 dxe5 (
7... Bxf3 {looks neccesary} 8. Qxf3 dxe5 9. Nd5 (9. Bg5 $18) 9... c6 (9... Nbd7
) 10. Bh6 $1 O-O 11. Nxf6+ Bxf6 12. Bxf8 {Marrero Rodriguez-Martin Rodriguez,
La Palma Island op 2022,1-0}) 8. Bxf7+ $18 {15 games in database} Kf8 9. Bb3
Qe7 10. Bg5 c6 11. h3 Be6 12. Rd1 (12. O-O-O) 12... Nbd7 13. O-O h6 14. Bh4 (
14. Nh4 Bf7 15. Bxf7 Kxf7 16. Bxf6 Nxf6 17. Qc4+ Qe6 18. Nxg6 $18 {
KomodoDragon3}) 14... Kg8 (14... Bxb3 15. axb3 Kg8 16. Rd2 $18 {KomodoDragon3})
15. Rxd7 $1 Qxd7 16. Nxe5 Qe8 17. Bxe6+ Qxe6 18. Nxg6 Rh7 (18... Kh7 19. Nxh8
Kxh8 20. f4 $18 {KomodoDragon3 top line}) 19. Rd1 (19. f4 Qe8 20. f5 $18 {
KomodoDragon3}) 19... Re8 20. Nf4 Qf7 21. Bg3 (21. e5 h5 22. e6 Qc7 23. g3 b6
24. Qc4 $18 {KomodoDragon3}) 21... Nd7 22. Nh5 Nf6 23. Nxg7 (23. Nxf6+ Bxf6 24.
e5 $18 {KomodoDragon3}) 23... Rxg7 24. Qf3 Qg6 25. Re1 (25. Rd6) 25... Nh5 26.
Re3 Rf8 27. Qd1 Qg5 28. Qd3 b5 29. Ne2 Rd8 30. Qb3+ Kh7 31. Qe6 (31. e5 $18 {
KomodoDragon3}) 31... Qg6 32. Qe5 (32. Qxg6+ {simplest- Qs are good attackers,
but also good defenders, keeping several squares under control}) 32... Re8 33.
Qd4 Qg5 34. e5 Qf5 35. Qd3 Qxd3 36. cxd3 Nxg3 37. Nxg3 c5 38. Nf5 (38. Nh5 Rf7
39. Nf6+ $18 {KomodoDragon3}) 38... Rg5 39. g4 Rg6 40. Kg2 Rge6 41. f4 Ra6 42.
a3 b4 43. axb4 cxb4 44. d4 {the extra pawns keep advancing & Rs are bad
defenders} Rc6 45. Kf3 Rc2 46. b3 Rec8 47. e6 (47. d5) 47... R2c3 48. e7 a5 49.
Nd6 (49. d5) 49... Rxe3+ 50. Kxe3 Ra8 51. e8=Q Rxe8+ 52. Nxe8 a4 53. Kd2 (53.
bxa4 b3 54. Kd3 {is no risk}) 53... a3 54. Kc2 Kg6 55. Nc7 Kf6 56. Nd5+ Ke6 57.
Nxb4 h5 58. Kd3 h4 59. d5+ Kd6 60. Kd4 Kd7 61. Ke5 Ke7 62. d6+ Kd7 63. f5 Kd8
64. Ke6 Ke8 65. d7+ Kd8 66. f6 (66. Kd6 a2 67. Nc6#) 66... Kc7 67. Ke7 (67.
Nd5+ Kc6 68. d8=Q Kb7 69. Qb6+ Ka8 70. Nc7#) 67... Kb6 68. d8=Q+ Kb5 69. Qd4 a2
70. Nxa2 (70. Kd6 a1=Q 71. Qc5#) 70... Kc6 71. f7 Kb5 72. f8=Q Kc6 73. Qc8+ Kb5
74. Qb4# {the influence of internet play?} 1-0

[Event "S Wales Late Summer Open"]
[Site "?"]
[Date "2022.09.03"]
[Round "2.12"]
[White "Parri, Deio"]
[Black "Thomas, Mark"]
[Result "1-0"]
[WhiteElo "1609"]
[BlackElo "1842"]
[Annotator "kemen"]
[PlyCount "89"]
[EventDate "2022.??.??"]
[SourceVersionDate "2022.09.07"]

{[%evp 0,16,41,5,103,-1,28,38,38,37,44,18,19,18,15,26,31,30,30]} 1. d4 g6 2. c4
Bg7 3. Nc3 d6 4. e4 Nf6 5. Bd3 O-O 6. Nge2 e5 7. d5 c6 8. Bg5 Na6 {played
earlier in games , though not just here} (8... h6) (8... Nbd7 {main lines}) 9.
Qd2 Nc7 {same note as previous} (9... Nc5) (9... cxd5) 10. O-O-O {could become
draughty on the Q side} (10. f3 {KomodoDragon3} Qd7 11. g4 $18 Nfe8 12. Ng3 c5
13. b3 f6 14. Be3 Qe7 15. h4 {Semenkov-Ryakhovskiy, Lipetsk ch 2008,1-0}) 10...
cxd5 11. exd5 (11. cxd5 h6 12. Be3 Ng4 $17 {KomodoDragon3}) 11... Bd7 (11... b5
$1 12. cxb5 a6 13. b6 Nb5 14. Ne4 Nxe4 15. Bxd8 Nxd2 16. Bg5 Nb3+ 17. axb3 Rb8
18. Be3 Nd4 $11 {KomodoDragon3}) 12. h4 h5 (12... h6 $14) (12... b5 $14) 13. f3
$18 b5 14. Ne4 (14. g4 $1 $18 e4 15. Bxe4 b4 16. gxh5 bxc3 17. Nxc3 Qb8 18.
Bxf6 Bxf6 19. hxg6 fxg6 20. Rhg1 Rf7 21. Bxg6 (21. Rxg6+) 21... Rg7 22. Ne4 Qf8
23. Qh6 $18 {KomodoDragon3- any Bl attack has not happened}) 14... Nce8 {
too defensive} (14... Nxe4 15. Bxe4 (15. Bxd8 Nxd2 16. Bxc7 Nxc4 17. Bxc4 Rfc8
$19 {KomodoDragon3-and Bl has the attack}) 15... f6 16. Bh6 (16. Bxg6 fxg5 17.
hxg5 Be8 18. Be4 Na6 $15) 16... f5 17. Bd3 bxc4 18. Bxc4 Nb5 $17 {KomodoDragon3
}) 15. cxb5 $16 {Wh's K is much safer now that the Bl pieces are a little
displaced} Qb6 16. N2c3 Nxe4 17. Nxe4 f5 18. Nc3 (18. Be3 Qb7 19. Nc3 $14 (19.
Ng5 Bxb5 $11 {KomodoDragon3})) 18... Nf6 (18... Rc8 19. Be3 (19. Kb1 Rxc3 20.
bxc3 e4 $11) 19... Qb7 20. Kb1 Nc7 21. a4 Nxd5 22. Bc4 Rxc4 23. Qxd5+ Qxd5 24.
Rxd5 e4 25. Rxd6 exf3 26. Rxd7 fxg2 27. Rg1 f4 28. Bxf4 Rcxf4 29. Rxg2 R8f7 $14
{KomodoDragon3}) 19. Kb1 $18 Rac8 20. Bh6 (20. Rc1 e4 21. Be2 $18 {
KomodoDragon3}) 20... Rxc3 (20... Bxh6 21. Qxh6 Kf7 22. Ka1 $14 {KomodoDragon3}
) 21. Bxg7 $2 Kxg7 (21... Rxd3 $1 $19 22. Qh6 {looks dangerous, but Bl can hold
} (22. Qxd3 Bxb5 23. Qc3 Kxg7 $19) 22... Rxd1+ 23. Rxd1 Nh7 $1 $19 {
KomodoDragon3- not an easy move to anticipate}) 22. Qxc3 $18 Rc8 23. Qa3 Rc5
24. Be2 (24. Rc1 Rxd5 25. Rhd1 {KomodoDragon3- gives the Wh Rs open lines})
24... f4 (24... Bxb5 25. Bxb5 Rxb5 26. Rd2 Nxd5 27. Rc1 f4 28. Rdc2 Ra5 29. Qd3
Qa6 30. Qxa6 Rxa6 31. Rc6 $18 {KomodoDragon3}) 25. Rc1 Bf5+ 26. Ka1 Nxd5 27.
Rxc5 dxc5 28. Rc1 Nb4 29. Qc3 Kf6 30. Qxc5 (30. a3 $1 {saves the B for an
easier life for Wh} Nd5 31. Qxc5 Qxc5 32. Rxc5 Nb6 33. Rc7 {KomodoDragon3})
30... Qxc5 31. Rxc5 Nc2+ 32. Kb1 Nd4+ 33. Kc1 Nxe2+ 34. Kd2 (34. Kd1 $1 Nd4 35.
a4 $18 {KomodoDragon3- the pawns run through}) 34... Nd4 $11 35. Kc3 (35. Ke1
Ke6 36. Rc7 Nxb5 37. Rb7 Nd4 38. Rxa7 e4 $11 {KomodoDragon3- the Bl pieces get
active, while the Wh Q side pawns are still at base}) 35... g5 $2 (35... Ne2+
$1 36. Kd2 (36. Kc4 e4 37. Kd5 e3 {initially KomodoDragon signalled this as a
win for Bl, then after further time gives} 38. a4 $11 {not an easy game to
have to play for both players}) 36... Nd4 $11 {KomodoDragon3}) 36. a4 $2 {
perhaps one needs to be an Engine to find all the complexities in this position
} (36. hxg5+ Kxg5 37. Rxe5 Ne6 (37... Nxf3 38. gxf3 h4 39. Re1 h3 40. Kd4 $18)
38. a4 $18 {KomodoDragon3}) 36... g4 $19 (36... gxh4 $1 37. Rd5 h3 38. gxh3
Bxh3 39. Kb4 h4 40. a5 Bg2 41. b6 axb6 42. axb6 Bxf3 43. Rd7 Be4 44. b7 Bxb7
45. Rxb7 f3 $19 {KomodoDragon3}) 37. Rc7 (37. a5 gxf3 38. gxf3 Bd7 39. b6 axb6
40. axb6 Bc6 41. Kb4 Bxf3 $19 {KomodoDragon3}) 37... g3 (37... gxf3 $1 38. gxf3
Nxf3 39. Rxa7 e4 40. b6 e3 41. b7 e2 42. b8=Q e1=Q+ {KomodoDragon3- and Bl
starts the K hunt}) 38. Rxa7 Bh3 $2 {unfortunately the wrong way to exploit g3}
(38... Nxf3 $1 39. b6 Be4 40. b7 Bxb7 41. Rxb7 Nxh4 42. a5 f3 43. a6 fxg2 44.
a7 g1=Q 45. a8=Q Qc5+ 46. Kb3 Qd5+ 47. Kc3 Kf5 {KomodoDragon3- and the g pawn
will decide, one variation} 48. Qe8 Qxb7 49. Qxh5+ Ke6 50. Qg4+ Kd6 51. Qxh4 (
51. Qxg3 Qf3+) 51... g2 {that this is won for Bl is confirmed by Syzygy
tablebases}) 39. b6 Bxg2 40. b7 Bxf3 41. b8=Q {and the B is too late at the
coronation} Kf5 42. Rf7+ (42. Rg7 {[%emt 0:00:18] KomodoDragon- mate in}) 42...
Ke4 (42... Kg4 {it seems survives longer}) 43. Kd2 {[%emt 0:00:13] mate in 9,
initially} (43. Re7 {mate in 11- the Engine keeps recalculating here}) 43...
Nc6 44. Qb3 (44. Qb5) 44... Be2 45. Qc2+ {an epic struggle} 1-0

[Event "S Wales Late Summer Open"]
[Site "?"]
[Date "2022.09.03"]
[Round "2.13"]
[White "Wagner, Guy"]
[Black "Morgans, Justin"]
[Result "0-1"]
[WhiteElo "1786"]
[BlackElo "1613"]
[Annotator "kemen"]
[PlyCount "74"]
[EventDate "2022.??.??"]
[SourceVersionDate "2022.09.07"]

1. d4 d5 2. Nf3 Nf6 3. e3 e6 4. Bd3 c5 5. b3 Nc6 6. O-O Bd7 7. Bb2 Be7 8. a3
O-O 9. Nbd2 Rc8 10. Ne5 {main, 40 games} Qb6 (10... a6 {main}) 11. Ndf3 (11.
dxc5 Qxc5 $16 {1-1-1}) 11... c4 $17 12. Bxh7+ {overhopeful} (12. Be2 Na5 $15)
12... Kxh7 $19 13. Ng5+ Kg8 14. Qf3 Nxe5 15. dxe5 Ne4 16. Nxe4 dxe4 17. Qxe4
cxb3 (17... c3 $1 18. Bc1 Bc6 $19 {KomodoDragon3}) 18. cxb3 Qxb3 19. Rab1 Bc6
20. Qg4 Qd5 21. Rfd1 Qe4 22. Qg3 Qh4 (22... Bh4 23. Qh3 Bd5) 23. Qxh4 Bxh4 24.
Bd4 b6 25. f4 Be7 (25... Be4) 26. Ra1 Bd5 27. a4 Rc2 28. Re1 Rxg2+ (28... Be4)
29. Kf1 Rxh2 30. Kg1 Rh1+ 31. Kf2 Rxe1 (31... Bh4+) 32. Rxe1 Rc8 33. e4 Rc2+
34. Ke3 Bb3 35. a5 Bc5 36. axb6 axb6 37. Rb1 Rc3+ 0-1

[Event "S Wales Late Summer Open"]
[Site "?"]
[Date "2022.09.03"]
[Round "2.14"]
[White "Chung, Ethan"]
[Black "Zografos, Lef"]
[Result "0-1"]
[WhiteElo "1570"]
[BlackElo "1749"]
[Annotator "kemen"]
[PlyCount "50"]
[EventDate "2022.??.??"]
[SourceVersionDate "2022.09.07"]

{[%evp 0,14,15,48,46,28,46,37,25,0,2,-27,-52,-47,-48,-39,26]} 1. e4 e6 2. d4 d5
3. e5 c5 4. c3 Nc6 5. Be3 (5. Nf3 {main}) 5... Qb6 6. Qd2 Nh6 (6... Bd7) (6...
cxd4 {main lines}) 7. Nf3 Ng4 (7... Nf5) (7... Bd7) 8. Bd3 Nxe3 9. fxe3 Bd7 10.
O-O Rc8 $146 (10... Be7 $15 {4-8-6}) (10... f6 $17 {0-4}) 11. Ng5 c4 (11... Be7
12. Nxf7 cxd4 13. cxd4 (13. Nxh8 dxe3 14. Qe2 Nxe5 $17) 13... O-O $11 {
KomodoDragon3}) 12. Nxf7 cxd3 13. Nxh8 $18 Nd8 14. Qf2 (14. Qd1 $1 g6 15. Qf3
Be7 16. Qh3 $18 {KomodoDragon3}) 14... Be7 15. Qg3 (15. Qf3 Qxb2 16. Qh5+ g6 (
16... Nf7 17. Qxh7 Kd8 18. Nxf7+) 17. Qxh7 Bb5 18. Nxg6 Nc6 19. Rf7 $18 {
KomodoDragon3} Rc7 20. Qg8+ Kd7 21. Nf8+ Kc8 22. Nxe6+ Nd8 (22... Bd8 23. Rxc7+
) 23. Rxe7 $18 {mate in 14= KomodoDragon3}) 15... Qxb2 16. Qxg7 Bb5 {a
difficult position, with a number of possibilities- Wh chooses a less good one}
17. Qxh7 (17. Nf7 $1 $18) (17. a4 Ba6 18. Nf7 $18) 17... Qxa1 $11 18. Ng6 Nc6
19. Nd2 Qxc3 20. Rf7 {now no longer works} (20. Ne4 $1 dxe4 21. d5 {near
impossible for an ordinary human to find} Qc5 $1 (21... exd5 22. Qh8+ Kd7 23.
e6+ Kxe6 24. Qxc3 {wins Q}) 22. d6 Qxe3+ 23. Kh1 Qe2 24. Rg1 Bg5 25. Qg8+ Kd7
26. Qf7+ Kd8 27. Qg8+ $11 {KomodoDragon3}) 20... Qc1+ 21. Nf1 Qa3 $19 22. Nd2 (
22. h4 {running the h pawn , is too slow} Kd7 23. h5 Re8 24. e4 d2 25. Nxd2
Qe3+ 26. Rf2 Nxd4 $19 {KomodoDragon3, still quite complex}) 22... Kd7 23. Nf8+
Rxf8 24. Rxf8 Qc1+ 25. Nf1 (25. Rf1 Qxd2 {and Bl has too many pieces}) 25... d2
0-1

[Event "S Wales Late Summer Open"]
[Site "?"]
[Date "2022.09.03"]
[Round "2.15"]
[White "Chong, Kimberly"]
[Black "Mcghee, David"]
[Result "1-0"]
[WhiteElo "1717"]
[BlackElo "1529"]
[Annotator "kemen"]
[PlyCount "37"]
[EventDate "2022.??.??"]
[SourceVersionDate "2022.09.07"]

1. e4 c5 2. c3 Nf6 3. e5 Nd5 4. d4 cxd4 5. Nf3 d6 (5... Nc6) (5... e6) 6. Qxd4
(6. cxd4) (6. Bc4 {main lines}) 6... e6 7. Bb5+ (7. Nbd2) (7. exd6 {main lines}
) 7... Bd7 8. Bg5 (8. Bxd7+ $11 {main, though only 35% for Wh}) 8... Be7 (8...
dxe5 9. Qxe5 Qb6 $15 {Cloud Engines, 2 draws,1 Bl win}) 9. Bxd7+ (9. Bxe7) 9...
Qxd7 (9... Nxd7 $11) 10. exd6 Bf6 (10... Bxg5 11. Nxg5 Nc6 12. Qc5 (12. Qxg7
O-O-O $17 {Wh is behind in development}) 12... b6 13. Qc4 Qxd6 14. O-O h6 15.
Nf3 O-O $11 {KomodoDragon3}) 11. Bxf6 Nc6 12. Qg4 (12. Qd3 $18) 12... Nxf6 $2 (
12... gxf6 13. c4 Ndb4 14. O-O Nc2 15. c5 Nxa1 16. Nc3 $16 {KomodoDragon3}) 13.
Qxg7 $18 O-O-O 14. Qxf6 Rhg8 15. Nbd2 Rg6 16. Qh4 Rxg2 17. Ne4 f5 18. Ng3 Qxd6
19. Kf1 1-0

[Event "S Wales Late Summer Open"]
[Site "?"]
[Date "2022.09.03"]
[Round "2.16"]
[White "Wu, Yuxuan"]
[Black "Chung, Daniel"]
[Result "1-0"]
[WhiteElo "1458"]
[BlackElo "1693"]
[Annotator "kemen"]
[PlyCount "120"]
[EventDate "2022.??.??"]
[SourceVersionDate "2022.09.07"]

{[%evp 0,11,30,13,17,-10,31,31,45,25,78,43,43,11]} 1. d4 Nf6 2. c4 c6 3. Nc3 d5
4. Nf3 Bg4 (4... e6) (4... dxc4 {main lines}) 5. Bf4 (5. Ne5) (5. e3 {main
lines}) 5... Nbd7 6. h3 (6. e3 {main}) 6... Bh5 (6... Bxf3 {1-1}) 7. e3 e6 8.
cxd5 Nxd5 (8... exd5 {3-3-1}) 9. Nxd5 (9. Bh2 Bb4 10. Qb3 a5 11. a3 a4 12. Qc2
Bg6 13. Bd3 Bxd3 14. Qxd3 Nxc3 15. bxc3 Nc5 16. Qc2 Nb3 17. Ra2 Be7 {
Straeter-Boguslawsky, Dortmund A op 1993,1/2-1/2}) 9... exd5 10. Be2 Bb4+ 11.
Nd2 Bxe2 12. Qxe2 Qa5 13. a3 Bxd2+ 14. Qxd2 Qxd2+ 15. Kxd2 $11 Nb6 (15... Nf8)
16. b3 Kd7 17. Rac1 f6 18. Rc3 g5 19. Bh2 Rhg8 20. a4 Nc8 21. a5 Nd6 22. Bxd6
Kxd6 23. Rhc1 $11 a6 24. g4 Rae8 25. b4 Re7 26. Rh1 Rgg7 27. Rcc1 (27. h4)
27... Ref7 (27... h5) 28. Rcg1 Ke6 29. Rg2 Rf8 30. h4 h6 31. hxg5 hxg5 32. Rh6
$14 Rfg8 (32... b6 33. axb6 Rb8 $11 {KomodoDragon3}) 33. Rgh2 $16 Kf7 34. Ke2
Rg6 35. R6h5 R8g7 (35... R6g7) 36. f3 $18 {it has been a complex R manouevring
game, all the while level, but the Engine now thinks Wh has gained a winning
momentum} Ke6 37. Rh8 Re7 (37... Rg8 $5) 38. e4 Kd6 39. Kd3 dxe4+ 40. fxe4 {
Wh now has a choice of pawn levers, and must sit and wait} Rgg7 41. R2h6 Re6
42. Rf8 Ke7 43. Rb8 Kd6 44. Rhh8 Rd7 45. Rhf8 Kc7 46. Rfc8+ (46. Rbc8+ Kd6 47.
Rcd8 Rxd8 48. Rxd8+ Kc7 49. Rf8 Kd7 50. Rf7+ Kc8 51. Ke3 Kb8 52. Rg7 Kc8 53.
Rg6 Kd7 54. Kd3 {KomodoDragon3-zugzwang}) 46... Kd6 47. Rd8 Ree7 48. Rxd7+ Rxd7
49. Rh8 (49. Rf8 $1) 49... Ke6 50. Kc4 Kd6 51. Rh6 Ke7 52. Kc5 (52. Rh7+ $1 Ke6
53. Rxd7 Kxd7 54. e5 fxe5 55. dxe5 Ke6 56. Kd4 Ke7 57. Kc5 Ke6 58. Kb6 Kxe5 59.
Kxb7 $18 {KomodoDragon3}) 52... Ke6 53. e5 Rd5+ 54. Kc4 Ke7 55. Rxf6 Rb5 56.
Rg6 Kf7 57. Rxg5 Ke6 58. Rg6+ Kf7 59. Rd6 Ke7 60. g5 Kf7 1-0

[Event "S Wales Late Summer Open"]
[Site "?"]
[Date "2022.09.03"]
[Round "2.17"]
[White "Browse, Joseph"]
[Black "Kong, Emma"]
[Result "0-1"]
[WhiteElo "1629"]
[BlackElo "1270"]
[Annotator "kemen"]
[PlyCount "104"]
[EventDate "2022.??.??"]
[SourceVersionDate "2022.09.07"]

1. d4 d5 2. Nf3 c6 3. c4 Nf6 4. Nc3 e6 5. g3 (5. Bg5) (5. e3 {main lines}) 5...
Nbd7 (5... dxc4 {main}) 6. Bg2 g6 (6... dxc4) (6... Be7) (6... Bd6) 7. O-O Bg7
8. Qd3 (8. b3 O-O {133 games}) 8... O-O {36 games} 9. e4 {88% for Wh} (9. Rd1 {
85% for Wh}) 9... dxe4 10. Nxe4 Nxe4 11. Qxe4 c5 12. Re1 $146 (12. Be3 $16 {
11 Wh wins, 2 draws}) 12... cxd4 13. Nxd4 $2 (13. Bf4 Re8 14. Rad1 e5 15. Rxd4
$11 {KomodoDragon3}) 13... Nc5 $19 14. Nxe6 Bxe6 15. Qe3 Qd4 16. Qe2 Qd3 (16...
Nd3) 17. Be3 Qxe2 18. Rxe2 Rac8 19. Rb1 b6 (19... Bxc4) 20. Bd5 Bxd5 21. cxd5
Rfe8 22. Rd1 Rcd8 23. Bg5 Rxe2 24. Bxd8 Nb7 25. Bc7 Re4 (25... Rxb2 26. d6 Rxa2
27. d7 Ra1 {KomodoDragon3- the two Q side pawns are enough to win}) 26. Kg2 Re7
{playing safe} (26... Bxb2 27. d6 Rd4 28. Rb1 Rd2 29. d7 Bf6 $19 {KomodoDragon3
}) 27. d6 Rd7 28. Re1 Nxd6 29. Bb8 Bf8 (29... Bxb2 30. Rd1 Ba3) 30. Rd1 Be7 31.
Kf3 Kf8 32. Kf4 Ke8 33. Rd4 Nb5 34. Rc4 Rd4+ (34... Bc5) 35. Rxd4 Nxd4 36. Bxa7
Ne6+ 37. Ke5 Bc5 38. f4 Kd7 39. b4 Bxb4 (39... Bd4+ 40. Kd5 Kc7 {traps the B})
40. Bxb6 Kc6 41. Be3 Bc3+ 42. Ke4 Nc5+ 43. Bxc5 Kxc5 44. f5 g5 45. h4 gxh4 46.
gxh4 Kd6 47. a4 Ke7 48. Kf4 Kf6 49. Kg4 Kg7 (49... Bd2 50. h5 h6 51. Kf3 Kxf5)
50. Kh5 f6 51. Kg4 Kh6 52. h5 Be1 0-1

[Event "S Wales Late Summer Open"]
[Site "?"]
[Date "2022.09.03"]
[Round "3.1"]
[White "Kozusek, Daniel"]
[Black "Fathallah, Joe"]
[Result "1-0"]
[WhiteElo "2328"]
[BlackElo "1907"]
[Annotator "kemen"]
[PlyCount "59"]
[EventDate "2022.??.??"]
[SourceVersionDate "2022.09.07"]

{[%evp 0,14,19,31,75,63,69,60,93,78,78,61,89,89,77,78,78]} 1. d4 f5 2. Nc3 d5
3. Bg5 g6 4. e3 Bg7 5. h4 h6 (5... c6) (5... Be6) (5... Nf6) 6. Bf4 Nf6 7. Nf3
Ng4 {2 draws, 1 Bl win} (7... Be6 {4-1-2}) 8. Bd3 (8. Nb5 Na6 9. c4 c6 10. Nc3
$18 {KomodoDragon3-2 draws}) 8... c6 9. Qe2 (9. Nh2 e5 10. dxe5 Nxe5 11. Nf3
Nbd7 12. Nd4 Nxd3+ 13. Qxd3 Nc5 14. Qd2 Qf6 $17 {Meier-Wittur, Langenhaven ch
2004,1/2-1/2}) 9... Nd7 (9... O-O 10. Ne5 Nxe5 11. Bxe5 Nd7 12. Bxg7 Kxg7 13.
f4 Nf6 14. Nb1 c5 15. c3 Qb6 16. Qc2 Bd7 $19 {Moret-Yanin, Pardubice 1998,0-1})
10. h5 e5 (10... g5 11. Bxf5 $18) 11. dxe5 Ndxe5 (11... g5 12. Bxf5 Ndxe5 13.
Nxe5 Nxe5 14. Bxe5 Bxe5 15. Bg6+ $18 {KomodoDragon3}) 12. Nxe5 Nxe5 13. hxg6
$18 Qa5 (13... Nxg6 14. Qh5 Qf6 15. Ne2 $18 {KomodoDragon3}) 14. O-O-O (14. Qh5
) 14... Nxd3+ 15. Rxd3 Be6 16. Bg3 O-O-O 17. Qf3 Qb4 18. Rh4 Bxc3 (18... Qe7
19. Qf4 Kd7 20. Ne2 $18 {KomodoDragon3}) 19. Rxb4 (19. Rxc3 Qe7 20. Qf4 $18 {
KomodoDragon3}) 19... Bxb4 20. g7 $18 Rhg8 21. Qf4 Bd6 22. Qxh6 Kd7 23. Bxd6
Kxd6 24. e4 (24. c4) 24... fxe4 25. Rg3 Ke7 26. Rg6 Bc8 (26... Rd6 27. Rf6) 27.
Qg5+ Kd7 28. Qe5 a6 29. Qd6+ (29. Re6 Rde8 30. Qd6#) 29... Ke8 30. Re6+ 1-0

[Event "S Wales Late Summer Open"]
[Site "?"]
[Date "2022.09.03"]
[Round "3.2"]
[White "Young, Alan J"]
[Black "Duke, Dillan"]
[Result "1/2-1/2"]
[WhiteElo "2088"]
[BlackElo "1896"]
[Annotator "kemen"]
[PlyCount "73"]
[EventDate "2022.??.??"]
[SourceVersionDate "2022.09.07"]

{[%evp 0,22,30,32,35,38,17,19,42,42,56,53,52,37,37,28,39,33,33,33,24,29,34,0,
11]} 1. e4 e6 2. d4 d5 3. Nc3 dxe4 4. Nxe4 Nd7 5. Nf3 Ngf6 6. Nxf6+ Nxf6 7. Bd3
c5 8. O-O (8. dxc5) 8... cxd4 9. Nxd4 Bc5 10. Nb3 Bb6 (10... Bd6 {main}) 11.
Bg5 Bd7 12. Qe2 Bc6 13. Bb5 Bxb5 (13... Qd5 14. Bxc6+ Qxc6 {1.5-0.5}) 14. Qxb5+
Qd7 15. Qe2 O-O 16. Rfd1 (16. Bxf6 gxf6 17. Qg4+ Kh8 $11) 16... Qc6 (16... Qa4)
(16... Qe7) 17. Bxf6 gxf6 18. Rd3 Kh8 19. Rad1 Rg8 20. Qf3 Qxf3 21. Rxf3 Rad8
22. Rfd3 Kg7 23. Kf1 Rxd3 24. Rxd3 Rd8 25. Rxd8 Bxd8 $11 26. Nc5 b6 27. Nd3 Be7
28. Ke2 Bd6 29. Ke3 f5 30. c4 Kf6 31. f4 Ke7 32. b4 f6 33. Kd4 h5 34. c5 bxc5+
35. bxc5 Bc7 36. g3 Kd7 37. a4 1/2-1/2

[Event "S Wales Late Summer Open"]
[Site "?"]
[Date "2022.09.03"]
[Round "3.3"]
[White "Camacho Collados, Jose"]
[Black "Turner, Joseph David"]
[Result "1-0"]
[WhiteElo "2407"]
[BlackElo "1874"]
[Annotator "kemen"]
[PlyCount "61"]
[EventDate "2022.??.??"]
[SourceVersionDate "2022.09.07"]

{[%evp 0,19,32,24,11,45,34,17,9,21,24,34,39,35,50,53,53,38,46,50,50,50]} 1. e4
e5 2. Nf3 Nc6 3. Bb5 Nd4 4. Nxd4 exd4 5. O-O c6 6. Bc4 d5 (6... Nf6 7. Re1 d6
8. c3 Ng4 9. h3 Ne5 10. d3 Nxc4 11. dxc4 dxc3 12. Nxc3 {main, 71 % for Wh}) 7.
exd5 cxd5 8. Re1+ (8. Bb5+ Bd7 9. Re1+) 8... Be7 9. Bb5+ Kf8 (9... Bd7 {main}
10. Qg4) 10. b3 (10. c3) (10. d3) 10... a6 $146 (10... Be6 {Spierenburg-Van
der Weijer, NED Cup corr 1996,0-1}) (10... Nf6 11. Rxe7 $18 Kxe7 12. Ba3+ Ke6
13. Qe2+ Ne4 14. f3 $18 {Le Bogne-Dubois, Avoigne op 2012,1-0}) 11. Bf1 Be6 (
11... h5 $11 {KomodoDragon3}) 12. Bb2 Bf6 13. d3 (13. c4 $14) 13... Rc8 14. Nd2
Ne7 15. Nf3 (15. b4 $11 {KomodoDragon3}) 15... Nc6 $15 16. Qd2 g5 $15 {
KomodoDragon3} 17. h4 h6 18. h5 g4 $17 19. Nh2 Bg5 20. Qd1 Qd7 21. g3 f5 22.
Bg2 Bf7 (22... Kg7 $17 {KomodoDragon3}) 23. c4 dxc3 24. Bxc3 d4 (24... Rg8 25.
b4 Bxh5 $15 {KomodoDragon3}) 25. Bd2 Bxh5 (25... Kg7 $15) 26. Rc1 (26. Bxg5
hxg5 27. Qc1 $11 {KomodoDragon3}) 26... Kg7 27. Bxg5 hxg5 28. Qd2 (28. Rc5 Kf6
$11) 28... Kh6 29. Rc5 Bf7 $2 (29... Rhe8 $11) 30. Nxg4+ $18 Kg6 31. Bxc6 1-0

[Event "S Wales Late Summer Open"]
[Site "?"]
[Date "2022.09.03"]
[Round "3.4"]
[White "Goater, Kevin"]
[Black "Guy, David"]
[Result "1-0"]
[WhiteElo "2045"]
[BlackElo "1858"]
[Annotator "kemen"]
[PlyCount "73"]
[EventDate "2022.??.??"]
[SourceVersionDate "2022.09.07"]

{[%evp 0,7,35,33,19,19,20,20,31,25]} 1. d4 Nf6 2. Nc3 d5 3. Bf4 a6 4. e3 (4. e4
{interesting gambit}) 4... e6 5. Nf3 Nbd7 (5... c5 {main}) 6. Ne5 (6. Bd3 {main
}) 6... c5 7. Be2 (7. g4 $5) 7... Be7 (7... Nxe5 8. Bxe5 Bd6 {2 draws, 3 Bl
wins}) 8. a3 O-O (8... Nxe5 9. Bxe5 Bd6 10. f4 Qe7 11. O-O O-O 12. Qe1 {
Carvalho-Da Silva, Rio de Janeiro Fexerj op 2012,1-0}) 9. h4 Qb6 (9... Nxe5 10.
Bxe5 Re8 $17 {KomodoDragon3}) 10. h5 Ne4 11. Nxe4 dxe4 12. Nxd7 (12. Nc4 Qc6
13. Na5 Qb6 14. Qd2 $16 {KomodoDragon3}) 12... Bxd7 13. Rb1 cxd4 (13... Rfd8
$11) 14. exd4 Bc6 15. Be3 Qc7 16. c4 f5 17. g3 b5 (17... h6 $17) 18. Qb3 Qd7
19. Rc1 bxc4 20. Bxc4 Bd5 21. Bxd5 exd5 22. Bf4 Rfc8 23. O-O $11 Qb5 24. Qa2
Rc4 25. b3 Rxd4 (25... Rcc8 $11) 26. Be5 Rd3 $17 27. Rc7 Bf6 (27... Bf8) (27...
Re8) 28. Bxf6 gxf6 29. Rfc1 Qb6 (29... e3) 30. Kh1 Rd8 31. Qc2 Qxb3 (31... f4
$11 32. gxf4 $2 Qe6 $19) 32. Qxb3 (32. Qc6 $1 {mate in 9-KomodoDragon3}) 32...
Rxb3 33. h6 $18 Rdb8 34. Rg7+ Kf8 35. Rcc7 e3 36. Rxh7 Kg8 37. Rcg7+ 1-0